| 000 | | | 04668nmc2a22003013x 450 |
| 001 | | | a147a488-b306-4c4c-a96c-bab574fec48c |
| 005 | | | 20230623212541.0 |
| 100 | ## | $a | 20230605l1929 k y0rusy50 ca |
| 101 | 0# | $a | rus |
| 102 | ## | $a | RU |
| 105 | ## | $a | a z ||||| |
| 122 | 0# | $a | d19291231 |
| 200 | 1# | $a | Отчет комиссии по организации и распоряжению В. И. Ленина помощи беспризорным детям при Президиуме ВЦИК |
| | $j | 1929 |
| 215 | ## | $a | 15 листов |
| | $c | табл. |
| | $d | 36 х 24,9 |
| 251 | ## | $c | Дело |
| 300 | ## | $a | Заголовок дела на папке: Отчет комиссии по организации и распоряжению фондом В. И. Ленина помощи беспризорным детям при Президиуме ВЦИК |
| 300 | ## | $a | В деле обратная нумерация |
| 300 | ## | $a | Лист: 1 - смета большого формата |
| 300 | ## | $a | Часть текста машинописная и рукописная, часть - напечатана типографским способом |
| 461 | #0 | $1 | 001796d4672-8a00-4986-b488-6e42273792cc |
| | $1 | 2001 |
| | $a | ЦЕНТРАЛЬНЫЙ ИСПОЛНИТЕЛЬНЫЙ КОМИТЕТ СССР (ЦИК СССР). |
| | $1 | 251 |
| | $c | Фонд |
| | $1 | 852 |
| | $g | Р |
| | $j | 3316 |
| 462 | #0 | $1 | 0016e6e8ba4-e15f-4ad4-8937-f1e88c150bfe |
| | $1 | 2001 |
| | $a | Дела Секретариата Президиума ЦИК Союза ССР. 1929 г. |
| | $v | Д. 379 |
| | $1 | 251 |
| | $c | Опись |
| | $1 | 852 |
| | $j | 22 |
| 517 | 1# | $a | Отчет комиссии по организации и распоряжению фондом В. И. Ленина помощи беспризорным детям при Президиуме ВЦИК |
| 601 | 01 | $3 | RU\NLR\AUTH\880357276 |
| | $a | СССР |
| | $b | ЦИК |
| 601 | 01 | $3 | RU\NLR\AUTH\8810215818 |
| | $a | РСФСР |
| | $b | Центральный исполнительный комитет |
| | $b | Президиум |
| 601 | 01 | $3 | RU\NLR\AUTH\8810187346 |
| | $a | РСФСР |
| | $b | Комиссия по организации и распоряжению фондом им. Ленина для помощи беспризорным детям |
| 801 | #0 | $a | RU |
| | $b | GA_RF |
| 801 | #1 | $a | RU |
| | $b | ГлавНИВЦ |
| | $c | 20230605 |
| | $2 | rusmarc |
| 801 | #2 | $a | RU |
| | $b | ПБ им. Б.Н. Ельцина |
| | $c | 20230623 |
| | $g | RCR |
| | $2 | rusmarc |
| 852 | ## | $a | ГА РФ |
| | $j | 379 |
| 937 | ## | $d | 185684630 |
| | $h | ГАРФ |
| 035 | ## | $a | RuPRLIB51071628 |
| 856 | ## | $u | http://readingroom.main.prlib.ru/item.aspx?id_node=n185684630&mode=full |